| 000 | 01265 a2200289 4500 | ||
|---|---|---|---|
| 003 | Nust | ||
| 005 | 20221215104645.0 | ||
| 010 | _a 2003066178 | ||
| 020 | _a9780195339901 | ||
| 040 | _cNust | ||
| 082 | 0 | 0 | _a621.381,SED |
| 100 | 1 | _aSedra, Adel S. | |
| 245 | 1 | 0 |
_aMicroelectronic circuits /(Include CD) _cAdel S. Sedra, Kenneth C. Smith. |
| 250 | _a5th ed. | ||
| 260 |
_aNew York : _bOxford University Press, _c2004. |
||
| 300 |
_a1237p (various pagings) : _bill. (some col.) ; _c26 cm. + _e1 CD-ROM (4 3/4 in.) |
||
| 440 | 4 |
_aThe Oxford series in electrical and computer engineering _997944 |
|
| 505 | _aPart.1 Devices and Basic Circuits (Page-1), Part. II Analog and Digital Integrated Circuits (Page-542), Part. III Selected Topics (Page-1010). | ||
| 650 | 0 | _aElectronic circuits. | |
| 650 | 0 | _aIntegrated circuits. | |
| 651 |
_a(Include CD) _98953 |
||
| 700 | 1 |
_aSmith, Kenneth Carless. _9103364 |
|
| 856 | 4 | 2 |
_3Contributor biographical information _uhttp://www.loc.gov/catdir/enhancements/fy0723/2003066178-b.html |
| 856 | 4 | 2 |
_3Publisher description _uhttp://www.loc.gov/catdir/enhancements/fy0615/2003066178-d.html |
| 856 | 4 | 2 |
_3Table of contents only _uhttp://www.loc.gov/catdir/enhancements/fy0636/2003066178-t.html |
| 942 |
_2ddc _cBK |
||
| 999 |
_c188405 _d188405 |
||